000 00338nam a22001457a 4500
020 _qHB.
040 _cFIZZA ISHAQ
082 _a627.23
_bTER
100 _aSTURM, TERRYW.
_985071
245 _aOPEN CHANNEL HYDRAULICS /
250 _a2nd ED.
260 _aNEW YORK :
_bMC. GEROW HILL,
_c2010.
300 _a546 P. ;
942 _2ddc
_cBK
999 _c586875
_d586875